"Zu diesem Kanon darf das AT nicht gestellt werden." Marginalien zu einer These Harnacks (Record no. 327313)
[ view plain ]
| 000 -CABECERA | |
|---|---|
| Campo de control de longitud fija | 00407nab a22001097u 4500 |
| 008 - CÓDIGOS DE INFORMACIÓN DE LONGITUD FIJA | |
| Campo de control de longitud fija | 130520b2009 xxu||||| |||| 00| 0 ger d |
| 041 ## - CÓDIGO DE LENGUA | |
| Código de lengua del texto/banda sonora o título independiente | ger |
| 100 1# - PUNTO DE ACCESO PRINCIPAL-NOMBRE DE PERSONA | |
| Nombre de persona | Buchholz, René |
| 9 (RLIN) | 58635 |
| 245 00 - MENCIÓN DE TÍTULO | |
| Título | "Zu diesem Kanon darf das AT nicht gestellt werden." Marginalien zu einer These Harnacks |
| Mención de responsabilidad, etc. | René Buchholz |
| 773 0# - ENLACE AL DOCUMENTO FUENTE | |
| Título | Zeitschrift für Katholische Theologie |
| Parte(s) relacionada(s) | V.131, nº1,2009,págs. 26-46 |
| Número Internacional Normalizado para Publicaciones Seriadas (ISSN) | 0 |
| Número de control del registro relacionado | Rev502 |
| 942 ## - ENTRADA DE ELEMENTOS AGREGADOS (KOHA) | |
| Koha [por defecto] tipo de item | Artículos de revista |
| Suprimido | Perdido | Estropeado | No para préstamo | Localización permanente | Localización actual | Localización en estantería | Fecha adquisición | Préstamos totales | Fecha última consulta | Fecha del precio de reemplazo | Tipo de item de Koha |
|---|---|---|---|---|---|---|---|---|---|---|---|
| San Esteban | San Esteban | Depósito de revistas | 21/05/2013 | 21/05/2013 | 21/05/2013 | Artículos de revista |
